| 000 | 00371cam a2200145ua 4500 | ||
|---|---|---|---|
| 003 | OSt | ||
| 008 | 240503b |||||||| |||| 00| 0 eng d | ||
| 041 | _aeng | ||
| 082 |
_a616.9362 _bCOR/TE |
||
| 245 | 0 | 0 | _aTerminology of malaria and of malaria eradication / |
| 250 | _a1 / | ||
| 260 |
_aGeneva : _bWorld Health Organisation , _c1963. |
||
| 300 | _a127 ; . | ||
| 942 | _cBK | ||
| 999 |
_c3165 _d3165 |
||